El descubrimiento de Puerto Rico / (Record no. 173466)

MARC details
000 -LEADER
campo de control de longitud fija 01066nam a2200265 i 4500
001 - NÚMERO DE CONTROL
campo de control 173466
003 - IDENTIFICADOR DE NÚMERO DE CONTROL
campo de control ES-MaACL
005 - FECHA Y HORA DE LA ÚLTIMA TRANSACCIÓN
campo de control 20230906215240.0
008 - DATOS DE LONGITUD FIJA--INFORMACIÓN GENERAL
campo de control de longitud fija 091202r19711936pr h |||| | spa d
080 ## - NÚMERO DE LA CLASIFICACIÓN DECIMAL UNIVERSAL
Número de la Clasificación Decimal Universal 929 Colón, Cristóbal
080 ## - NÚMERO DE LA CLASIFICACIÓN DECIMAL UNIVERSAL
Número de la Clasificación Decimal Universal 972.95"1493/1511"
100 1# - ENTRADA PRINCIPAL--NOMBRE DE PERSONA
Nombre de persona González Ginorio, José.
9 (RLIN) 146705
245 13 - MENCIÓN DEL TÍTULO
Título El descubrimiento de Puerto Rico /
Mención de responsabilidad, etc. José González Ginorio.
250 ## - MENCION DE EDICION
Mención de edición 2ª ed.
260 ## - PUBLICACIÓN, DISTRIBUCIÓN, ETC.
Lugar de publicación, distribución, etc. San Juan de Puerto Rico :
Nombre del editor, distribuidor, etc. Borinquen,
Fecha de publicación, distribución, etc. 1971.
300 ## - DESCRIPCIÓN FÍSICA
Extensión XXI, 328 p. ;
Dimensiones 26 cm.
501 ## - NOTA DE CON
Nota de "Con" Además con port. propia: Suplemento bibliográfico (texto original florentino y la versión española completa, con notas críticas, de la carta Simone dal Verde, documento del año 1494), 65 p., 1 h.
534 ## - NOTA SOBRE LA VERSIÓN ORIGINAL
Frase introductoria Ed. facs. de la ed. de:
Publicación, distribución, etc. del original San Juan, Puerto Rico, 1936.
600 14 - PUNTO DE ACCESO ADICIONAL DE MATERIA--NOMBRE DE PERSONA
Nombre de persona Colón, Cristóbal.
9 (RLIN) 39869
651 #4 - PUNTO DE ACCESO ADICIONAL DE MATERIA--NOMBRE GEOGRÁFICO
Nombre geográfico Puerto Rico-
Subdivisión general Historia-
Subdivisión cronológica 1493-1511, Descubrimiento y conquista.
9 (RLIN) 163440
655 #7 - TERMINO DE INDIZACIÓN--GENERO/FORMA
Fuente del término tgfbne
9 (RLIN) 226495
Datos o término principal de género/forma Facsímiles
852 ## - LOCALIZACIÓN
Ubicación ES-MaACL
Número de control de estantería C-56957
942 ## - ELEMENTOS DE ENTRADA SECUNDARIOS (KOHA)
Fuente del sistema de clasificación o colocación Clasificación decimal universal
Holdings
Estatus retirado Estado de pérdida Estado de daño No para préstamo Biblioteca de origen Biblioteca actual Ubicación en estantería Fecha de adquisición Total de préstamos Signatura topográfica completa Código de barras Visto por última vez Precio de reemplazo Tipo de ítem Koha
        Biblioteca del Ateneo de Madrid Biblioteca del Ateneo de Madrid Depósito 2 02/12/2009   C-56957 1182043 23/02/2023 23/02/2023 Libro impreso